| 000 | 00571 a2200193 4500 | ||
|---|---|---|---|
| 999 |
_c565 _d565 |
||
| 020 | _a9780415413688 | ||
| 050 | _aDT6.7 BIN 2012 | ||
| 100 |
_aBinns, Tony _eauthor |
||
| 245 |
_aAfrica diversity and development / _cTony Binns, Alan Dixon and Etiennel Nel |
||
| 264 |
_aNew York : _bRoutledge, _cc2012 |
||
| 300 |
_a414p. _bill. |
||
| 500 | _aIncludes index | ||
| 650 |
_aGeography _xAfrica |
||
| 650 |
_aSocial change _xAfrica |
||
| 650 |
_aEconomic development _xAfrica |
||
| 700 |
_aDixon Alan _eauthor |
||
| 700 |
_aNel Etienne _eauthor |
||
| 942 |
_2lcc _cBK _h6.7 _iBin _kDT |
||